|
|
|
|
| LEADER |
00000nab a2200000 a 4500 |
| 001 |
vtls000131777 |
| 003 |
SK-MaSNL |
| 005 |
20260303032257.0 |
| 008 |
160201c1982 xo 0 slo |
| 015 |
|
|
|a SNBRB19rr/mm-uuuuu
|
| 035 |
|
|
|a CL0141883
|
| 040 |
|
|
|a SNKBUCL
|b slo
|c SNKBUCL
|e AACR2
|
| 041 |
0 |
|
|a slo
|
| 044 |
|
|
|a xo
|c SK
|
| 080 |
|
|
|a 331.88(437)
|2 1981
|
| 245 |
0 |
0 |
|a Mobilizácia tvorivých síl
|b ČOR k úlohám budúceho roku
|
| 610 |
2 |
7 |
|a Revoluční odborové hnutí.
|b Česká odborová rada
|2 snkbucl
|9 180107
|
| 651 |
|
7 |
|a 3100
|2 snkbucl
|9 920766
|
| 655 |
|
7 |
|a články z novín a časopisov
|2 snkbucl
|9 267496
|
| 773 |
0 |
|
|t Práca
|g Roč. 37, č. 299 (17. 12. 1982), s. 1
|
| 850 |
|
|
|a Slovenská národná knižnica v Martine
|a MTA001
|
| 852 |
|
|
|a SNK
|b KIS3GCP
|
| 958 |
|
|
|a RK
|
| 958 |
|
|
|a CZ
|
| 992 |
|
|
|a RBX
|
| 999 |
|
|
|c 1663451
|d 1665381
|